000 00448nam a2200193Ia 4500
005 20250423095056.0
008 250422s9999 xx 000 0 und d
020 _a0-205-32344-8
050 _aPE 1408 .K4735/
100 _aKelly, William J.
245 0 _aDiscovery : an introduction to writing
250 _a2nd ed.
260 _aNew York
260 _bLongman
260 _c2001
300 _a485 p
650 _aEnglish
942 _cBK
999 _c29163
_d29163